| 000 | 00805nam a2200253 i 4500 | ||
|---|---|---|---|
| 001 | 186216 | ||
| 003 | SpMaBN | ||
| 005 | 20240202145215.0 | ||
| 008 | 160920s2015 sp |||| | spa d | ||
| 020 | _a978-84-944032-5-5 | ||
| 080 | _a821.134.2-14"19" | ||
| 100 | 1 |
_aReal Amado, Jesús del. _9160925 |
|
| 245 | 1 | 0 |
_aRaíz y brote / _cJesús del Real Amado ; prólogo, Francisco Calvo Serraller. |
| 250 | _a1ª ed. | ||
| 260 |
_aMadrid : _bHuerga y Fierro, _c2015. |
||
| 300 |
_a85 p. ; _c22 cm. |
||
| 490 | 1 | _aPoesía | |
| 700 |
_aCalvo Serraller, Francisco, _d1948-2018 _9235031 |
||
| 830 | 0 |
_aPoesía _9177794 |
|
| 852 |
_aES-MaACL _jA-13799 _9193271 _bR.150863 _cDEPO1 _dOlim: N-6799 |
||
| 942 |
_2udc _cMONOGRAFIA |
||
| 999 |
_c186216 _d186216 |
||